| 000 | 00863nac a22002291u 4500 | ||
|---|---|---|---|
| 010 | _a 2002017181 | ||
| 020 | _a0674008774 | ||
| 082 | 0 | 0 |
_a320.5509176 _bKEP |
| 090 |
_c7825 _d7825 |
||
| 100 | _aKepel, Gilles. | ||
| 245 | 1 | 0 |
_aJihad : _bthe trail of political Islam / _cGilles Kepel ; translated by Anthony F. Roberts. |
| 260 |
_aCambridge, Mass. : _bHarvard University Press,c.2002. _cc.2002. |
||
| 300 |
_aviii, 454 p. : _bmaps ; _c25 cm. |
||
| 500 | _aDistributer: Baccah. | ||
| 504 | _aIncludes bibliographical references and index. | ||
| 511 | _aCatalogued By: Mahitab. | ||
| 650 | 0 | _aIslam and politics. | |
| 650 | 0 | _aJihad. | |
| 650 | 0 |
_aIslam _y20th century. |
|
| 942 |
_cBB _k320.5509176KEP |
||
| 999 |
_c7825 _d7825 |
||